Normal view MARC view
  • Banerjee S

Entry Personal Name

Number of records used in: 1

001 - CONTROL NUMBER

  • control field: 217249

003 - CONTROL NUMBER IDENTIFIER

  • control field: OSt

005 - DATE AND TIME OF LATEST TRANSACTION

  • control field: 20260324155829.0

008 - FIXED-LENGTH DATA ELEMENTS

  • fixed length control field: 260324|| aca||aabn | a|a d

040 ## - CATALOGING SOURCE

  • Original cataloging agency: OSt
  • Transcribing agency: OSt

100 ## - HEADING--PERSONAL NAME

  • Personal name: Banerjee S

670 ## - SOURCE DATA FOUND

  • Source citation: Work cat.: (OSt)370765: Keat P G 217246, Managerial Economics : , 2025